[Event "Alcorcon Spring op-B 1st"]
[Site "Alcorcon"]
[Date "2019.04.28"]
[Round "5"]
[White "Ruiz Escobar, Israel"]
[Black "Baranco Gonzalez, Nicolas"]
[Result "1/2-1/2"]
[WhiteElo "1740"]
[BlackElo "1560"]
[PlyCount "128"]
[EventDate "2019.03.24"]
[EventType "swiss"]
[EventRounds "9"]
[EventCountry "ESP"]
[SourceTitle "EXT 2020"]
[Source "ChessBase"]
[SourceDate "2019.10.17"]
[SourceVersion "1"]
[SourceVersionDate "2019.10.17"]
[SourceQuality "1"]

1. d4 d5 2. Bf4 Nc6 3. Nf3 Nf6 4. e3 a6 5. Nbd2 h6 6. h3 Bf5 7. c3 e6 8. Qb3 Rb8 9. Qa4 Qd7 10. Be2 Be7 11. 0-0 0-0 12. a3 b5 13. Qd1 a5 14. b4 a4 15. Ne1 Bd6 16. Bxd6 Qxd6 17. f4 Ne4 18. Nxe4 Bxe4 19. Nd3 Ne7 20. g4 g5 21. Nc5 Bh7 22. Rf2 Ng6 23. Qf1 f5 24. Nd3 fxg4 25. hxg4 Nh4 26. Ne5 Ng6 27. Bd3 Nxe5 28. dxe5 Qb6 29. Bxh7+ Kxh7 30. Qd3+ Kg7 31. f5 Rh8 32. fxe6 Qxe6 33. Rf5 Rhf8 34. Raf1 Rxf5 35. Rxf5 Rf8 36. Kf2 Qxe5 37. Rxf8 Kxf8 38. Qxb5 Qxc3 39. Qxd5 Qxa3 40. Qd8+ Kg7 41. Qxc7+ Kh8 42. Qd8+ Kg7 43. Qe7+ Kh8 44. Qf8+ Kh7 45. Qf7+ Kh8 46. Qe8+ Kg7 47. Qd7+ Kh8 48. Qd4+ Kh7 49. Qa7+ Kh8 50. Qd4+ Kh7 51. Qe4+ Kg7 52. Qe5+ Kh7 53. Qc7+ Kh8 54. Qb8+ Kh7 55. Qc7+ Kh8 56. Qb8+ Kh7 57. Qc7+ Kh8 58. Qe5+ Kh7 59. Qe4+ Kg7 60. Qd4+ Kh7 61. Kf3 Qb3 62. Qd7+ Kh8 63. Qe8+ Kh7 64. Qe4+ Kg7 1/2-1/2

[Event "Alcorcon Spring op-B 1st"]
[Site "Alcorcon"]
[Date "2019.04.07"]
[Round "3"]
[White "Ruiz Escobar, Israel"]
[Black "Campos Calderon, David"]
[Result "1-0"]
[WhiteElo "1740"]
[BlackElo "1461"]
[PlyCount "113"]
[EventDate "2019.03.24"]
[EventType "swiss"]
[EventRounds "9"]
[EventCountry "ESP"]
[SourceTitle "EXT 2020"]
[Source "ChessBase"]
[SourceDate "2019.10.17"]
[SourceVersion "1"]
[SourceVersionDate "2019.10.17"]
[SourceQuality "1"]

1. d4 d5 2. Bf4 c5 3. e3 cxd4 4. exd4 Nc6 5. c3 Nf6 6. Nd2 Bg4 7. Qb3 Qc8 8. Bd3 e6 9. Ngf3 Be7 10. h3 Bh5 11. 0-0 0-0 12. Rfe1 Bg6 13. Bxg6 hxg6 14. Re2 a6 15. a4 Qd8 16. Qxb7 Na5 17. Qc7 Rc8 18. Qxd8 Rfxd8 19. Ne5 Bd6 20. Bg5 Be7 21. h4 Rc7 22. g3 Rb8 23. Nd3 Nc4 24. Nxc4 Rxc4 25. Ne5 Rc7 26. Bf4 Bd6 27. Nxg6 Bxf4 28. Nxf4 Rcb7 29. Nd3 Ne4 30. Kg2 Nd6 31. b4 Rc7 32. Nc5 Rb6 33. a5 Rbc6 34. h5 Nb5 35. Rc2 Nd6 36. Ra3 Rc8 37. Rb3 Rb8 38. Nd7 Rb7 39. Nb6 Nb5 40. Rd2 Rbc7 41. Na4 Rc8 42. Nc5 Rb8 43. Rd3 Nd6 44. Rb1 Rbc8 45. g4 Rb8 46. f4 Nb5 47. Rh1 f6 48. h6 gxh6 49. Rxh6 Kf7 50. Rh7+ Kg8 51. Rdh3 Rbc8 52. Rh8+ Kg7 53. R8h7+ Kg8 54. f5 Kf8 55. Rh8+ Ke7 56. R3h7+ Kd6 57. Rd7# 1-0

[Event "Alcorcon Spring op-B 1st"]
[Site "Alcorcon"]
[Date "2019.03.24"]
[Round "1"]
[White "Ruiz Escobar, Israel"]
[Black "Mantecon Soto, Fernando"]
[Result "1-0"]
[WhiteElo "1740"]
[BlackElo "1345"]
[PlyCount "90"]
[EventDate "2019.03.24"]
[EventType "swiss"]
[EventRounds "9"]
[EventCountry "ESP"]
[SourceTitle "EXT 2020"]
[Source "ChessBase"]
[SourceDate "2019.10.17"]
[SourceVersion "1"]
[SourceVersionDate "2019.10.17"]
[SourceQuality "1"]

1. e4 e6 2. d4 d5 3. e5 c5 4. c3 Nc6 5. Nf3 cxd4 6. cxd4 Qb6 7. Nc3 Nh6 8. Bb5 Bd7 9. 0-0 Nf5 10. Bxc6 bxc6 11. a3 a5 12. Na4 Qc7 13. Qc2 Be7 14. Bd2 0-0 15. Nc5 Bxc5 16. Qxc5 Qa7 17. Rfc1 Qxc5 18. Rxc5 a4 19. Rac1 Rfb8 20. Bb4 Rb5 21. R5c2 Rc8 22. h3 h5 23. Kh2 f6 24. g4 hxg4 25. hxg4 Nh6 26. Kg3 Kh7 27. Rh1 Kg6 28. Nh4+ Kf7 29. f4 f5 30. gxf5 Nxf5+ 31. Nxf5 exf5 32. Re2 Rbb8 33. Reh2 Rg8 34. Kf3 g6 35. Rh7+ Rg7 36. R7h6 Rbg8 37. Rg1 Be6 38. Rg5 Rc8 39. Ke3 Re8 40. Kd2 Bd7 41. Rh1 Ke6 42. Kc3 Rb8 43. Rh2 Rb7 44. Rh8 Rc7 45. Bf8 Rc8 1-0

[Event "Madrid Tajamar Easter op-B"]
[Site "Madrid"]
[Date "2018.03.25"]
[Round "5"]
[White "Ruiz Escobar, Israel"]
[Black "Esteban Posadilla, Raul"]
[Result "1-0"]
[WhiteElo "1720"]
[BlackElo "1852"]
[PlyCount "81"]
[EventDate "2018.03.22"]
[EventType "swiss"]
[EventRounds "7"]
[EventCountry "ESP"]
[SourceTitle "EXT 2019"]
[Source "ChessBase"]
[SourceDate "2018.10.10"]
[SourceVersion "1"]
[SourceVersionDate "2018.10.10"]
[SourceQuality "1"]

1. d4 d5 2. Bf4 Bf5 3. c4 c6 4. Qb3 b6 5. e3 e6 6. Nf3 Nd7 7. cxd5 exd5 8. Ba6 Qe7 9. Bb7 Qb4+ 10. Qxb4 Bxb4+ 11. Nc3 Rb8 12. Bxb8 Nxb8 13. Ne5 Bd7 14. Nd3 Bxc3+ 15. bxc3 f6 16. a4 Kd8 17. a5 Kc7 18. a6 Nh6 19. 0-0 Nf7 20. Ra2 Nd6 21. Nb4 Nxb7 22. axb7 a5 23. Nd3 Kxb7 24. Rb2 Kc7 25. Rc1 Bf5 26. Nf4 g5 27. Nh5 Rf8 28. c4 Be6 29. Ng7 Bg8 30. cxd5 Bxd5 31. f3 f5 32. e4 fxe4 33. fxe4 Bxe4 34. Ne6+ Kb7 35. Nxf8 a4 36. Re2 Bd5 37. Nxh7 g4 38. Nf6 Bb3 39. Nxg4 b5 40. Ne5 a3 41. Re3 1-0

[Event "Madrid Tajamar Easter op-B"]
[Site "Madrid"]
[Date "2018.03.22"]
[Round "1"]
[White "Ruiz Escobar, Israel"]
[Black "Casado Cascajo, Isabel"]
[Result "1-0"]
[WhiteElo "1720"]
[BlackElo "1452"]
[PlyCount "75"]
[EventDate "2018.03.22"]
[EventType "swiss"]
[EventRounds "7"]
[EventCountry "ESP"]
[SourceTitle "EXT 2019"]
[Source "ChessBase"]
[SourceDate "2018.10.10"]
[SourceVersion "1"]
[SourceVersionDate "2018.10.10"]
[SourceQuality "1"]

1. d4 d5 2. Bf4 Bf5 3. e3 Nf6 4. c4 e6 5. Nc3 Bb4 6. Qb3 Qe7 7. Nf3 Nc6 8. c5 0-0 9. Bb5 Bxc3+ 10. Qxc3 Ne4 11. Qa3 a6 12. Bxc6 bxc6 13. 0-0 f6 14. Qa5 Ra7 15. Nh4 g5 16. Nxf5 exf5 17. Bg3 Rb8 18. b3 Rb5 19. Qe1 h5 20. h3 g4 21. Bf4 gxh3 22. gxh3 Qg7+ 23. Kh1 Kf7 24. Rg1 Ng5 25. h4 Rb8 26. hxg5 Rg8 27. Qe2 fxg5 28. Bxg5 Qh7 29. Qf3 Raa8 30. Qf4 Ke6 31. Rg2 Kd7 32. Rag1 Rae8 33. Bh4 Re4 34. Qh2 Reg4 35. f3 Rxg2 36. Rxg2 f4 37. Qh3+ Ke8 38. Qe6+ 1-0

[Event "Collado Villalba op-B 29th"]
[Site "Collado Villalba"]
[Date "2012.08.30"]
[Round "7"]
[White "Tirado Parra, Alberto"]
[Black "Ruiz Escobar, Israel"]
[Result "0-1"]
[WhiteElo "1929"]
[BlackElo "1791"]
[PlyCount "99"]
[EventDate "2012.08.24"]
[EventType "swiss"]
[EventRounds "9"]
[EventCountry "ESP"]
[SourceTitle "CBM 150 Extra"]
[Source "ChessBase"]
[SourceDate "2012.10.19"]
[SourceVersion "1"]
[SourceVersionDate "2012.10.19"]
[SourceQuality "1"]

1. b4 d5 2. Bb2 Bf5 3. Nf3 Nf6 4. e3 a6 5. c4 dxc4 6. Bxc4 b5 7. Be2 e6 8. Qb3 Qd5 9. Qxd5 Nxd5 10. a3 Nd7 11. d3 Bg4 12. Nbd2 c5 13. bxc5 Nxc5 14. Ne5 Bxe2 15. Kxe2 f6 16. Nc6 Na4 17. Bc1 Rc8 18. Nd4 Kf7 19. Ne4 Nac3+ 20. Nxc3 Rxc3 21. Ra2 Be7 22. Kd2 Rhc8 23. Rc2 b4 24. axb4 Bxb4 25. Rxc3 Nxc3 26. Nb3 a5 27. d4 a4 28. Nc5 Ne4+ 29. Ke2 Nxc5 30. dxc5 Rxc5 31. Rd1 Rc7 32. Rd4 Rb7 33. Rd3 Be7 34. Ba3 Ra7 35. Kf3 h5 36. Ke2 g5 37. Bxe7 Kxe7 38. Ra3 Kd6 39. Kd3 Kd5 40. Kc3 Kc5 41. h3 f5 42. g3 e5 43. f3 g4 44. fxg4 fxg4 45. hxg4 hxg4 46. e4 Ra6 47. Ra1 a3 48. Rd1 a2 49. Ra1 Ra3+ 50. Kd2 0-1

[Event "Madrid San Viator op 18th"]
[Site "Madrid"]
[Date "2012.05.27"]
[Round "8"]
[White "Ruiz Escobar, Israel"]
[Black "Hidalgo Prado, David"]
[Result "1-0"]
[WhiteElo "1821"]
[BlackElo "1409"]
[PlyCount "83"]
[EventDate "2012.03.25"]
[EventType "swiss"]
[EventRounds "9"]
[EventCountry "ESP"]
[SourceTitle "EXT 2013"]
[Source "ChessBase"]
[SourceDate "2012.11.22"]
[SourceVersion "1"]
[SourceVersionDate "2012.11.22"]
[SourceQuality "1"]

1. d4 d5 2. Bf4 e6 3. Nf3 Nf6 4. e3 Bd7 5. Nbd2 Nc6 6. Bd3 Nb4 7. Be2 Bd6 8. Ne5 Nc6 9. Bd3 Nb4 10. Be2 Nc6 11. c3 Nh5 12. Bxh5 g6 13. Be2 Bxe5 14. dxe5 Qe7 15. h4 h5 16. Nb3 f6 17. exf6 Qxf6 18. Nc5 b6 19. Nxd7 Kxd7 20. Bb5 a6 21. Bxc6+ Kxc6 22. Qa4+ Kb7 23. Qd7 Rac8 24. Qa4 Rhf8 25. Qd4 c5 26. Qxf6 Rxf6 27. 0-0 Kc6 28. Bg5 Rf7 29. Rad1 b5 30. Rd2 e5 31. e4 d4 32. cxd4 exd4 33. b4 Re8 34. f3 Rd7 35. bxc5 Kxc5 36. Rc1+ Kb4 37. Rc6 d3 38. Be3 a5 39. Kf1 Re5 40. Ke1 a4 41. Bf4 Rc5 42. Bd6 1-0

[Event "Madrid San Viator op 18th"]
[Site "Madrid"]
[Date "2012.05.20"]
[Round "7"]
[White "Rodriguez Varela, Alvaro"]
[Black "Ruiz Escobar, Israel"]
[Result "1-0"]
[WhiteElo "1751"]
[BlackElo "1821"]
[PlyCount "47"]
[EventDate "2012.03.25"]
[EventType "swiss"]
[EventRounds "9"]
[EventCountry "ESP"]
[SourceTitle "EXT 2013"]
[Source "ChessBase"]
[SourceDate "2012.11.22"]
[SourceVersion "1"]
[SourceVersionDate "2012.11.22"]
[SourceQuality "1"]

1. e4 d5 2. exd5 Nf6 3. d4 Nxd5 4. c4 Nb4 5. Qa4+ N8c6 6. d5 Bf5 7. Na3 Nxd5 8. cxd5 Qxd5 9. Be3 e6 10. Nf3 0-0-0 11. Nb5 Bb4+ 12. Nc3 Qe4 13. Bb5 Nd4 14. Nxd4 Rxd4 15. 0-0 Bxc3 16. Qxa7 c6 17. bxc3 Rd5 18. Bxc6 bxc6 19. Qa8+ Kc7 20. Qxh8 Bh3 21. Qxg7 Bf5 22. Qxf7+ Rd7 23. Bb6+ Kxb6 24. Qxd7 1-0

[Event "Madrid San Viator op 18th"]
[Site "Madrid"]
[Date "2012.05.13"]
[Round "6"]
[White "Ruiz Escobar, Israel"]
[Black "Andres Rodriguez, Florencio"]
[Result "1-0"]
[WhiteElo "1821"]
[BlackElo "1583"]
[PlyCount "70"]
[EventDate "2012.03.25"]
[EventType "swiss"]
[EventRounds "9"]
[EventCountry "ESP"]
[SourceTitle "EXT 2013"]
[Source "ChessBase"]
[SourceDate "2012.11.22"]
[SourceVersion "1"]
[SourceVersionDate "2012.11.22"]
[SourceQuality "1"]

1. d4 Nf6 2. Bf4 d5 3. Nf3 e6 4. e3 Bd6 5. Bg3 Nc6 6. Nbd2 0-0 7. c3 Re8 8. Ne5 Ne7 9. Bd3 c5 10. Bb5 Nd7 11. Nxf7 Kxf7 12. Bxd6 Qb6 13. Bxd7 Bxd7 14. Bxe7 Rxe7 15. Qb3 Qxb3 16. Nxb3 c4 17. Nd2 Rf8 18. 0-0 Kg8 19. Nf3 Be8 20. Ne5 Bh5 21. f3 g5 22. b3 Rc7 23. bxc4 Rfc8 24. c5 Be8 25. e4 Bb5 26. Rfb1 Ba4 27. Rb4 Bc2 28. Rc1 a5 29. Rb6 Ba4 30. Rxe6 dxe4 31. fxe4 Be8 32. Rf1 b6 33. Rxb6 Bf7 34. Nxf7 Rxf7 35. Rxf7 Kxf7 1-0

[Event "Madrid San Viator op 18th"]
[Site "Madrid"]
[Date "2012.04.22"]
[Round "4"]
[White "Ramos Pinto, Jose Maria"]
[Black "Ruiz Escobar, Israel"]
[Result "1-0"]
[WhiteElo "1593"]
[BlackElo "1821"]
[PlyCount "107"]
[EventDate "2012.03.25"]
[EventType "swiss"]
[EventRounds "9"]
[EventCountry "ESP"]
[SourceTitle "EXT 2013"]
[Source "ChessBase"]
[SourceDate "2012.11.22"]
[SourceVersion "1"]
[SourceVersionDate "2012.11.22"]
[SourceQuality "1"]

1. Nf3 d5 2. d4 Nf6 3. g3 e6 4. c4 a6 5. Nc3 Bb4 6. Qa4+ Nc6 7. Ne5 Bxc3+ 8. bxc3 Bd7 9. Nxd7 Qxd7 10. Bg2 0-0 11. Rb1 b5 12. cxb5 axb5 13. Qxb5 Rfb8 14. Qd3 Rxa2 15. Rxb8+ Nxb8 16. Qb1 Ra8 17. 0-0 Qa4 18. Bf4 Ne8 19. e4 Qc6 20. Rc1 Nd6 21. exd5 exd5 22. Bxd6 Qxd6 23. Qb7 Qa3 24. Re1 Nd7 25. Bxd5 Ra5 26. Qc8+ Nf8 27. Qf5 Rxd5 28. Qxd5 Qxc3 29. Re8 Qa1+ 30. Kg2 Qa3 31. Qd8 Qb4 32. d5 g6 33. Qxc7 Kg7 34. d6 Ne6 35. Rxe6 Qb3 36. Re7 Qd5+ 37. Kf1 Qd3+ 38. Ke1 Qb1+ 39. Ke2 Qb5+ 40. Kd2 Qd5+ 41. Ke3 Qb3+ 42. Kf4 g5+ 43. Kxg5 Qd5+ 44. Kh4 Qd4+ 45. f4 Qf6+ 46. Kg4 h5+ 47. Kxh5 Qg6+ 48. Kh4 Kh6 49. g4 Qb1 50. d7 Qb2 51. Qd6+ Kg7 52. Qe5+ Qxe5 53. fxe5 Kg6 54. d8Q 1-0

[Event "Madrid San Viator op 18th"]
[Site "Madrid"]
[Date "2012.04.01"]
[Round "2"]
[White "Vicioso Barbadillo, Juan J"]
[Black "Ruiz Escobar, Israel"]
[Result "0-1"]
[WhiteElo "1556"]
[BlackElo "1821"]
[PlyCount "82"]
[EventDate "2012.03.25"]
[EventType "swiss"]
[EventRounds "9"]
[EventCountry "ESP"]
[SourceTitle "EXT 2013"]
[Source "ChessBase"]
[SourceDate "2012.11.22"]
[SourceVersion "1"]
[SourceVersionDate "2012.11.22"]
[SourceQuality "1"]

1. e4 d5 2. Nc3 d4 3. Nce2 e5 4. d3 Nf6 5. Ng3 Be7 6. Nf3 Nbd7 7. Be2 0-0 8. 0-0 c5 9. Bd2 b5 10. c3 Qb6 11. Nf5 Re8 12. Nxe7+ Rxe7 13. Qb3 Nf8 14. a3 Ng6 15. Bg5 Re8 16. Bxf6 gxf6 17. c4 bxc4 18. Qxb6 axb6 19. dxc4 Bb7 20. Bd3 Nf4 21. Rfd1 Nxd3 22. Rxd3 Bxe4 23. Rdd1 Kh8 24. Re1 Bc6 25. Nh4 Rg8 26. f3 Bd7 27. Re4 Be6 28. Rc1 Ra4 29. f4 Rg4 30. g3 Bxc4 31. Rce1 Bd5 32. Nf3 Bxe4 33. Rxe4 Ra8 34. Nxe5 fxe5 35. Rxe5 Rg6 36. f5 Rd6 37. Re7 Kg7 38. Re1 d3 39. Rd1 d2 40. Kf2 Re8 41. g4 Re1 0-1

[Event "Parla op 25th"]
[Site "Parla"]
[Date "2010.09.12"]
[Round "9"]
[White "Ruiz Escobar, Israel"]
[Black "Cabanas Bravo, Juan Andres"]
[Result "0-1"]
[WhiteElo "1815"]
[BlackElo "2057"]
[PlyCount "95"]
[EventDate "2010.09.04"]
[EventType "swiss"]
[EventRounds "9"]
[EventCountry "ESP"]
[SourceTitle "CBM 138 Extra"]
[Source "ChessBase"]
[SourceDate "2010.10.29"]
[SourceVersion "1"]
[SourceVersionDate "2010.10.29"]
[SourceQuality "1"]

1. d4 Nf6 2. Bf4 g6 3. Nf3 Bg7 4. e3 0-0 5. h3 d5 6. Be2 Nbd7 7. 0-0 c5 8. c3 Qb6 9. Qb3 c4 10. Qxb6 Nxb6 11. b3 Bf5 12. bxc4 dxc4 13. Nfd2 Rac8 14. g4 Bd3 15. Bxd3 cxd3 16. Rc1 Nfd7 17. Bg3 f5 18. g5 e5 19. f4 e4 20. Be1 Nd5 21. Kf2 N7b6 22. a4 a5 23. c4 Nxf4 24. Kf1 Nxh3 25. c5 Nd5 26. Nc4 Rxc5 27. dxc5 Bxa1 28. Bh4 f4 29. Kg2 fxe3 30. Kxh3 Rf3+ 31. Kh2 Nf4 32. Bg3 Rxg3 33. Kxg3 Ne2+ 34. Kg2 Nxc1 35. Nxe3 Nb3 36. Kg3 Be5+ 37. Kg4 Nxc5 38. Nd2 Kf7 39. Ndc4 Bc7 40. Nd5 Bh2 41. Nde3 Nxa4 42. Nxa5 b5 43. Nb7 Bc7 44. Kh3 Ke6 45. Kg2 Kd7 46. Nd5 d2 47. Ne3 Kc6 48. Kf2 0-1

[Event "Parla op 25th"]
[Site "Parla"]
[Date "2010.09.10"]
[Round "7"]
[White "Quintero Torres, Pedro"]
[Black "Ruiz Escobar, Israel"]
[Result "1-0"]
[WhiteElo "2006"]
[BlackElo "1815"]
[PlyCount "73"]
[EventDate "2010.09.04"]
[EventType "swiss"]
[EventRounds "9"]
[EventCountry "ESP"]
[SourceTitle "CBM 138 Extra"]
[Source "ChessBase"]
[SourceDate "2010.10.29"]
[SourceVersion "1"]
[SourceVersionDate "2010.10.29"]
[SourceQuality "1"]

1. e4 c6 2. d4 d5 3. exd5 cxd5 4. Bd3 Nf6 5. c3 Bg4 6. Qb3 Qb6 7. Qxb6 axb6 8. Bf4 Nc6 9. Nd2 e6 10. Ngf3 Be7 11. Ne5 0-0 12. Nxg4 Nxg4 13. h3 Nf6 14. Nf3 Nd7 15. 0-0 Na7 16. Rfe1 b5 17. a3 Nb6 18. Re2 Nc4 19. a4 b4 20. Bxc4 dxc4 21. Ne5 Bd6 22. Bd2 Bxe5 23. Rxe5 b3 24. Bf4 Nc6 25. Rc5 Na5 26. Bc7 Rfc8 27. Rxa5 Rxa5 28. Bxa5 Ra8 29. Bb4 b5 30. a5 h6 31. a6 Kh7 32. a7 Kg6 33. Bc5 Kf5 34. Kf1 Ke4 35. Ke2 g5 36. f3+ Kd5 37. Ra6 1-0

[Event "Parla op 25th"]
[Site "Parla"]
[Date "2010.09.08"]
[Round "5"]
[White "Ruiz Escobar, Israel"]
[Black "Cerrato Sampablo, Antonio"]
[Result "1/2-1/2"]
[WhiteElo "1815"]
[BlackElo "1621"]
[PlyCount "111"]
[EventDate "2010.09.04"]
[EventType "swiss"]
[EventRounds "9"]
[EventCountry "ESP"]
[SourceTitle "CBM 138 Extra"]
[Source "ChessBase"]
[SourceDate "2010.10.29"]
[SourceVersion "1"]
[SourceVersionDate "2010.10.29"]
[SourceQuality "1"]

1. d4 e6 2. Bf4 d5 3. Nf3 Nf6 4. e3 Nh5 5. Bg5 Be7 6. h4 f6 7. Ne5 g6 8. g4 Ng7 9. Bh6 fxe5 10. Bxg7 Rg8 11. Bxe5 Bxh4 12. Nc3 Rf8 13. Rh2 Nd7 14. Bxc7 Bxf2+ 15. Rxf2 Qxc7 16. Rxf8+ Nxf8 17. Qf3 Bd7 18. 0-0-0 0-0-0 19. Kb1 a6 20. Ne2 Bc6 21. Bh3 g5 22. Bg2 Ng6 23. Qf6 Qe7 24. Qxe7 Nxe7 25. Rf1 Bb5 26. Rf2 Ng6 27. Nc3 Bd7 28. e4 Nf4 29. exd5 Nxg2 30. Rxg2 exd5 31. Nxd5 Bc6 32. Ne7+ Kc7 33. Nxc6 Rf8 34. c3 Kxc6 35. Kc2 Kd6 36. Kd3 Rf4 37. Ke3 Kd5 38. Ke2 b5 39. Ke3 b4 40. Kd3 bxc3 41. bxc3 Rf3+ 42. Kd2 Kc4 43. Rh2 Rd3+ 44. Ke2 Kxc3 45. Rh5 Rxd4 46. Rxg5 h6 47. Rg6 Ra4 48. Ke3 h5 49. g5 Kb2 50. Rf6 Kxa2 51. Rf4 Ra5 52. g6 Rg5 53. Ra4+ Kb3 54. Rxa6 h4 55. Kf4 Rg1 56. Ra5 1/2-1/2

[Event "Parla op 25th"]
[Site "Parla"]
[Date "2010.09.06"]
[Round "3"]
[White "Ruiz Escobar, Israel"]
[Black "Rios Barba, Faustino"]
[Result "1-0"]
[WhiteElo "1815"]
[BlackElo "1591"]
[PlyCount "95"]
[EventDate "2010.09.04"]
[EventType "swiss"]
[EventRounds "9"]
[EventCountry "ESP"]
[SourceTitle "CBM 138 Extra"]
[Source "ChessBase"]
[SourceDate "2010.10.29"]
[SourceVersion "1"]
[SourceVersionDate "2010.10.29"]
[SourceQuality "1"]

1. d4 d5 2. Bf4 Nf6 3. Nf3 Nc6 4. e3 h6 5. Nbd2 Bf5 6. c3 a6 7. Qa4 b5 8. Qd1 e6 9. Be2 Be7 10. h3 0-0 11. 0-0 Nd7 12. Rc1 f6 13. a4 Na7 14. Qb3 c6 15. e4 bxa4 16. Qa2 Bg6 17. exd5 exd5 18. Qxa4 Nb5 19. Bg3 Nb6 20. Qd1 Bd6 21. Nh4 Bh7 22. Bg4 Bxg3 23. fxg3 Nd6 24. Bh5 Nbc4 25. Nxc4 Nxc4 26. Qe2 Nd6 27. Qe6+ Kh8 28. Ng6+ Bxg6 29. Bxg6 Ra7 30. Rce1 Ne4 31. Bxe4 Re7 32. Qxc6 Rxe4 33. Rxe4 dxe4 34. Qxe4 Re8 35. Qd3 Qb6 36. Rb1 Qd6 37. b4 Re6 38. c4 Qe7 39. Rb3 Re2 40. c5 Ra2 41. Qe3 Qd7 42. Qe4 Ra1+ 43. Kh2 Qb5 44. Qd3 Qe8 45. Rb1 Ra2 46. d5 Re2 47. d6 Re3 48. d7 1-0